MDQL
is popping MORE tags! Check the
thread
!
Quizzes
Events
Quiz Creation
Community
Videos
Private Events
Remove Ads
Sign In
Join for FREE
Feedback
Dark Mode
Quiz Categories
Sports
Geography
Music
Movies
Television
Just For Fun
Miscellaneous
History
Literature
Language
Science
Gaming
Entertainment
Religion
Holiday
For Kids
Quiz Lab
Recent
Popular Today
Quiz Kudos Today
Editor Picks
Curator Picks
Quizzes by...
Day
Popularity
Type
Ratings
Length
Year
Community
Subscriptions
Recent Discussions
Orange Saloon
Badges
Playlists
Quests
Create
Leaderboards
Showdown
Live 5
Trivia Bingo
Activity
Puzzle Library
Sporcle Events
Private Events
Virtual Trivia
Globe League
Become a Host
Pub Owners
SporcleCon
Opinionation
Our Games
Videos
Blog
Mobile Apps
Partnerships
Remove Ads and Go Orange
Feedback
Sports
Athletes
MLB
NBA
NHL
NFL
Soccer
Sports Teams
WWE
NCAA
Football
Premier League
Basketball
Baseball
Hockey
Golf
Tennis
Cricket
Rugby
Auto Racing
Olympics
World Cup
Sports
Athletes
MLB
NBA
NHL
NFL
Soccer
Sports Teams
WWE
NCAA
Football
Premier League
Basketball
Baseball
Hockey
Golf
Tennis
Cricket
Rugby
Auto Racing
Olympics
World Cup
Random Quiz
Search Sporcle
×
Curator Pick
Curator Pick
Sports
Sports Teams
Type in answers that appear in a list
Type in answers that appear in a list
Classic
Best Score? Go Orange.
I've Been Everywhere: Baseball Stats
Can you name the MLB Player Who Played for the Most Franchises and All of the Franchises for Which He's Played?
By
kjeverhart
2.5m
15 Questions
861 Plays
861 Plays
861 Plays
Comments
Comments
Give Quiz Kudos
Give Quiz Kudos
-
- Ratings
hide this ad
Replay
Link that replays current quiz
Next Quiz
Link to next quiz in quiz playlist
You Got
0%
They Got
Avg Score
80%
Avg Friend Score
Upgrade to see
Score Distribution
Jump to the score distribution portion of the page
Score
0/15
Timer
02:30
0
Plays Today
Hint
Answer
% Correct
Franchise Thirteen: 2018
Oakland Athletics
90%
Franchise Eight: 2013-
2015
Chicago Cubs
87.4%
Franchise One: 2003-
2005
Los Angeles Dodgers
87%
Franchise Five: 2010-
2011
Chicago White Sox
85.3%
Franchise Two: 2006-
2008
Tampa Bay Rays
83.1%
Franchise Nine: 2015
Atlanta Braves
82.1%
Franchise Ten: 2016
Miami Marlins
81.6%
Franchise Six: 2011
St. Louis Cardinals
81.3%
Hint
Answer
% Correct
Franchise Three: 2009, 2019
Detroit Tigers
79.9%
Franchise Fourteen: 2019
Toronto Blue Jays
79.4%
Franchise Eleven: 2016
San Diego Padres
79.1%
Franchise Seven: 2012, 2017
Washington Nationals
77.6%
Franchise Twelve: 2017
Baltimore Orioles
75.7%
Franchise Four: 2010
Arizona Diamondbacks
74.9%
Player who played for the most franchises in MLB history
Edwin Jackson, Pitcher, 14 franchises
56.9%
Quiz Playlist
Details
Report
Send in Message
Add To Playlist
Classic:
Type in answers that appear in a list
Last Updated: Jun 17, 2020
Curator Pick in
Baseball
Quiz Scoreboard
CHALLENGE
Sign Up to Join the Scoreboard
Show All
Scores
Hide
Comments
May contain spoilers
Recently Published
Street Fighter Characters
by Artimus82
Gaming
60s
9x9 Crossword: Cartoon Network
by jackfrog10
Miscellaneous
3m
College Basketball Coaching Resumes
by pancakes188
Sports
9m
More to Explore
Quiz From the Vault
Featured Blog Post
Where Did the Easter Bunny Come From?
hide this ad
You Might Also Like...
Tags
Baseball Quiz
MLB Quiz
Sports Teams Quiz
MLB Player
Player
Travel
US Sports
US Teams
Today's Top Quizzes in Sports
Browse Sports
hide this ad
Today's Top Quizzes in Sports Teams
Browse Sports Teams
Top Contributed Quizzes in Sports
1
2022 World Cup Stars
2
Les meilleurs buteurs des matchs entre le PSG et l’OM
3
FIFA Club World Cup Champions
4
Les entraîneurs de l'OM et du PSG au 21e siècle
5
Criteria MLB: Left Handed Sluggers
6
2023 MLB Unique Player Accomplishments
7
AFC Teams Reveal (Wrong Answers Minefield)
8
5-to-1: FBS Animal Nicknames
9
Players with Multiple 50 Home Run Seasons
10
5-to-1: UK Sports Teams
Explore More
Trending Topics
Kpop
Disney
Harry Potter
NBA
Marvel
Crossword
Anime
Soccer
Pokémon
Song
WWE
The Office
Puzzle
NFL
Country
hide this ad
More By:
kjeverhart
Quiz
Plays
Rating
Category
Featured
Created
4 MVPs, Same Team (MLB)
37,591
4.89
Sports
May 31, 2021
Which Country Has More People?
34,865
4.78
Geography
Jan 1, 2022
First Super Bowl Winning Quarterback by Team
26,343
4.78
Sports
Aug 5, 2021
Cities without a Super Bowl Win
25,030
4.55
Sports
Jan 17, 2022
NBA Scoring Leaders at Every Age
19,364
4.73
Sports
May 2, 2022
Go to Creator's Profile
Score Distribution
Quiz Creator Spotlight
kjeverhart
Follow
Send a Message
Quizzes Created
-
Created Quiz Play Count
-
More By This Creator
Popular Quizzes Today
1
Find the US States - No Outlines Minefield
2
Find the Countries of Europe - No Outlines Minefield
3
The Countries of the World
4
Find the US States
5
Risky Map Clicking: Biggest States A-Z
6
US States
7
Popular People in 1961
8
Movies - When Are They Set?
More Sports Quizzes
Football Crest Sorting (UEFA - DEN, FRA, SRB, UKR I)
Quiz Lab
Trending Quizzes
Risky Map Clicking: Least Populous States A-Z
Countries of the World: 200 Million BC
1-10 Letter G Words
Risky Map Clicking: Next State Alphabetically
Adjectives in 80s TV Shows
Recently Updated
Leaping Animals
pecheneg
Reality TV Shows (A-Z)
bhenderson79
Rickey Henderson's Hall of Fame Teammates
pecheneg
Champions League XIs: Arsenal
pecheneg
Quick Pick: Celebrities in WWE's Hall of Fame
aduchscher
A-Z Keypad Blitz II
pecheneg
Multiple Oscar Actors
pecheneg
Mystery Phrase Blitz: Oscar 'Best Actors'
pecheneg
F. Scott Fitzgerald Novels
LTH
Pick 3 Villains
ddd62291
Trending Topics
Kpop
Marvel
Harry Potter
Disney
Crossword
NBA
Anime
WWE
Song
NFL
Puzzle
Pokémon
Country
The Office
Soccer
Your Account Isn't Verified!
In order to create a playlist on Sporcle, you need to verify the email address you used during registration. Go to your
Sporcle Settings
to finish the process.
Report this User
Report this user for behavior that violates our
Community Guidelines
.
Details:
Send Report
Go to the Sporcle.com Mobile Site →
Comments